Santoni : ein Stück Natur, Begegnungen Spuren-Zeichen Maschine Mensach [Katalog] /

Պահպանված է:
Մատենագիտական մանրամասներ
Հիմնական հեղինակ: Niessl, Anton Siegfried (autor)
Ձևաչափ: Գիրք
Լեզու:իսպաներեն
Հրապարակվել է: lugar de publicación no identificado : Bundesministerium für Unterricht und Kunst, fecha no identificada
Ցուցիչներ: Ավելացրեք ցուցիչ
Չկան պիտակներ, Եղեք առաջինը, ով նշում է այս գրառումը!

MARC

LEADER 00000nam^a2200000^a^4500
001 000584268
005 20250526000000.0
009 20260310132706.93
037 |a Acervo ITESO - Biblioteca 
041 |a ESP 
091 |a FCO. 00778 
100 |a Niessl, Anton Siegfried  |e (autor) 
245 1 0 |a Santoni :  |b ein Stück Natur, Begegnungen Spuren-Zeichen Maschine Mensach [Katalog] / 
264 1 |a lugar de publicación no identificado :  |b Bundesministerium für Unterricht und Kunst,  |c fecha no identificada 
300 |a 35 p. ;  |c 29.5 cm. 
336 |a texto  |b txt  |2 rdacontenido 
337 |a sin mediación  |b n  |2 rdamedio 
338 |a volumen  |b nc  |2 rdasoporte 
649 |a XX 
910 |a Fondo Erich Coufal Kieswetter 
920 |a Impresos - Libros 
930 |a Libros Antiguos y Raros 
905 |a 142 
901 |a 0500412493  |b IT2  |c LRA  |i D  |u 20250526 
902 |a https://opac.biblio.iteso.mx/vufind/Record/000584268